Latinos (as) y la descolonización del imperio estadounidense en el Siglo XXI. = Latinos and the De-colonization of the United States empire in the 21st century. = Latinos (as) e a descolonizaçao do império estadounidense no século XXI

সংরক্ষণ করুন:
গ্রন্থ-পঞ্জীর বিবরন
প্রধান লেখক: Grosfoguel, Ramon
বিন্যাস: পাঠ‍্য
বিষয়গুলি:
ট্যাগগুলো: ট্যাগ যুক্ত করুন
কোনো ট্যাগ নেই, প্রথমজন হিসাবে ট্যাগ করুন!

MARC

LEADER 00000 a a2200000 04500
001 18378
003
040
100 |a Grosfoguel, Ramon  
245 |a Latinos (as) y la descolonización del imperio estadounidense en el Siglo XXI. =   |b Latinos and the De-colonization of the United States empire in the 21st century. = Latinos (as) e a descolonizaçao do império estadounidense no século XXI  
650 |a COLONIZACION RURAL  
650 |a IMPERIALISMO  
650 |a CAPITALISMO  
650 |a SOCIOLOGIA  
650 |a AMERICA LATINA  
773 |g número 6; páginas 115-135  
999 |c 34489  |d 34489